| 000 | 00799cab a2200217 4500 | ||
|---|---|---|---|
| 001 | WB2337-08 | ||
| 008 | 090401t1987 xxu||||| |||| 00| 0 eng d | ||
| 035 | _a(Sirsi) u506 | ||
| 041 | _aeng | ||
| 245 | _aFears over green belt | ||
| 260 | _c1987 | ||
| 350 | _a0 | ||
| 490 |
_aFinancial Times _v18/9/87 p9 |
||
| 520 | _aReviews a study by fifteen Conservative MPs which calls for a radical reform of the planning system to give further protection to green belt areas and which suggests that more public money should be put into inner cities so that more housing development may take place there. | ||
| 650 | _aHOUSING LAND | ||
| 650 | _aNATIONAL LAND USE SURVEY | ||
| 650 | _aURBAN DEVELOPMENT CORPORATIONS | ||
| 690 | _aCONSERVATION AND THE ENVIRONMENT | ||
| 942 | _n0 | ||
| 948 | _c04/03/1997 | ||
| 999 |
_c229 _d229 |
||